Nursing ethics and professional responsibility in advanced practice / (Record no. 18484)
[ view plain ]
| 000 -LEADER | |
|---|---|
| fixed length control field | 02189cam a2200313 a 4500 |
| 001 - CONTROL NUMBER | |
| control field | 17694821 |
| 005 - DATE AND TIME OF LATEST TRANSACTION | |
| control field | 20201128021111.0 |
| 008 - FIXED-LENGTH DATA ELEMENTS--GENERAL INFORMATION | |
| fixed length control field | 130409t2014 xxuak frbd 001 0 eng d |
| 010 ## - LIBRARY OF CONGRESS CONTROL NUMBER | |
| LC control number | 2013014339 |
| 020 ## - INTERNATIONAL STANDARD BOOK NUMBER | |
| International Standard Book Number | 9781449667429 |
| 020 ## - INTERNATIONAL STANDARD BOOK NUMBER | |
| International Standard Book Number | 1449667422 |
| 040 ## - CATALOGING SOURCE | |
| Original cataloging agency | DNLM/DLC |
| Transcribing agency | DLC |
| Modifying agency | DLC |
| -- | EG-ScBUE |
| 082 00 - DEWEY DECIMAL CLASSIFICATION NUMBER | |
| Classification number | 174.2 |
| Edition number | 22 |
| Item number | NUR |
| 245 00 - TITLE STATEMENT | |
| Title | Nursing ethics and professional responsibility in advanced practice / |
| Statement of responsibility, etc | edited by Pamela J. Grace. |
| 250 ## - EDITION STATEMENT | |
| Edition statement | 2nd ed. |
| 260 ## - PUBLICATION, DISTRIBUTION, ETC. (IMPRINT) | |
| Place of publication, distribution, etc | Burlington : |
| Name of publisher, distributor, etc | Jones & Bartlett Learning, |
| Date of publication, distribution, etc | c.2014. |
| 300 ## - PHYSICAL DESCRIPTION | |
| Extent | xiv, 560 p. : |
| Other physical details | forms, tables ; |
| Dimensions | 23 cm. |
| 500 ## - GENERAL NOTE | |
| General note | Rev. ed. of : Nursing ethics and professional responsibility in advanced practice / Pamela J. Grace. c2009. |
| 500 ## - GENERAL NOTE | |
| General note | Glossary : p. 533-540. |
| 500 ## - GENERAL NOTE | |
| General note | Index : p. 541-560. |
| 504 ## - BIBLIOGRAPHY, ETC. NOTE | |
| Bibliography, etc | Includes bibliographical references. |
| 505 0# - FORMATTED CONTENTS NOTE | |
| Formatted contents note | Philosophical foundations of applied and professional ethics / Pamela J. Grace-Nursing ethics / Pamela J. Grace-Advanced practice nursing : general ethical concerns / Pamela J. Grace-Professional responsibility, social justice, human rights, and injustice / Pamela J. Grace-Ethical leadership in advanced practice / Nan M. Gaylord and Pamela J. Grace-Research ethics : advanced practice roles and responsibilities / Pamela J. Grace-Nursing ethics and advanced practice : neonatal issues / Peggy Doyle Settle-Nursing ethics and advanced practice: children and adolescents / Nan Gaylord-Nursing ethics and advanced practice: women's health / Katharine T. Smith and Pamela J. Grace-Nursing ethics and advanced practice : adult-gerontologic health / Jane Flanagan-Nursing ethics and advanced practice : psychiatric and mental health issues / Pamela J. Grace and Pamela A. Terreri-Nursing ethics and advanced practice in the anesthesia and perioperative period / Gregory Sheedy, John Welch, Brian Sims-Ethical issues in palliative and end-of-life care across the lifespan / Vanessa Battista ... [et al.] |
| 650 #0 - SUBJECT ADDED ENTRY--TOPICAL TERM | |
| Topical term or geographic name as entry element | Nursing ethics. |
| 9 (RLIN) | 23551 |
| 650 #0 - SUBJECT ADDED ENTRY--TOPICAL TERM | |
| Topical term or geographic name as entry element | Nurse practitioners. |
| 9 (RLIN) | 2175 |
| 653 ## - INDEX TERM--UNCONTROLLED | |
| Resource For college | Nursing |
| Arrived date list | October2014 |
| -- | March2015 |
| 655 ## - INDEX TERM--GENRE/FORM | |
| Form subdivision | |
| -- | 34232 |
| 700 1# - ADDED ENTRY--PERSONAL NAME | |
| Personal name | Grace, Pamela June |
| 9 (RLIN) | 23550 |
| Relator term | editor. |
| 942 ## - ADDED ENTRY ELEMENTS (KOHA) | |
| Source of classification or shelving scheme | Dewey Decimal Classification |
| Call number prefix | 174.2 NUR |
| Withdrawn status | Item status | Source of classification or shelving scheme | Damaged status | Not for loan | Vendor | Home library | Current library | Shelving location | Date acquired | Source of acquisition | Cost, normal purchase price | Serial Enumeration / chronology | Total Checkouts | Total Renewals | Full call number | Barcode | Date last seen | Date last borrowed | Cost, replacement price | Koha item type |
|---|---|---|---|---|---|---|---|---|---|---|---|---|---|---|---|---|---|---|---|---|
| Dewey Decimal Classification | Baccah | Central Library | Central Library | Lower Floor | 21/10/2014 | Purchase | 313.00 | 20526 | 4 | 13 | 174.2 NUR | 000036755 | 15/07/2025 | 23/03/2024 | 391.25 | Book - Borrowing | ||||
| Dewey Decimal Classification | Baccah | Central Library | Central Library | Lower Floor | 21/10/2014 | 313.00 | 20526 | 2 | 174.2 NUR | 000036756 | 15/07/2025 | 24/10/2022 | 391.25 | Book - Borrowing | ||||||
| Dewey Decimal Classification | Baccah | Central Library | Central Library | Lower Floor | 28/03/2015 | 313.00 | 22358 | 174.2 NUR | 000037830 | 15/07/2025 | 391.25 | Book - Borrowing |